| 000 | 00000nam 2200000za 4500 |
| 001 | 9.643356 |
| 003 | CaOODSP |
| 005 | 20230223144959 |
| 007 | cr ||||||||||| |
| 008 | 150407s1984||||xxcao|||o f001 0 fre d |
| 040 | |aCaOODSP|bfre |
| 043 | |an-cnp-- |
| 086 | 1 |aA53-1769/1984F-PDF |
| 100 | 1 |aHarp, H. F. |
| 245 | 10|aHerbacées vivaces pour les Provinces des Prairies |h[ressource électronique] / |cH.F. Harp et L.M. Collicutt. |
| 260 | |aOttawa : |bAgriculture Canada, |c1984. |
| 300 | |a45 p. : |bphotographies. |
| 500 | |aComprend un index. |
| 500 | |aPublié aussi en anglais sous le titre : Herbaceous perennials for the Prairie Provinces. |
| 500 | |aPublication historique numérisée par Agriculture et Agroalimentaire Canada. |
| 590 | |a14-11-Supp|b2014-05-21 |
| 691 | 07|aJardinage|2gcpds |
| 691 | 07|aPlante ornementale|2gcpds |
| 700 | 1 |aCollicutt, L. M. |
| 710 | 1 |aCanada.|bAgriculture Canada. |bDirection générale de recherche. |
| 775 | 08|tHerbaceous perennials for the Prairie Provinces |w(CaOODSP)9.699365 |
| 795 | |tHerbacées vivaces pour les provinces des prairies |w(CaOODSP)9.643355 |
| 856 | 40|ahttp://publications.gc.ca|qPDF|s2.9 Mo|uhttps://publications.gc.ca/collections/collection_2014/aac-aafc/agrhist/A53-1769-1984-fra.pdf |
| 986 | |aPublication 1769F |